[Event "PriFO Champ RUS 2012"]
[Site "Tolyatti RUS"]
[Date "2012.03.04"]
[Round "7.15"]
[White "Trifonov,P"]
[Black "Kuporosov,V"]
[Result "1/2-1/2"]
[WhiteElo "2222"]
[BlackElo "2413"]

1.e4 g6 2.d4 Bg7 3.Nc3 c6 4.f4 d5 5.e5 Nh6 6.Nf3 f6 7.Bd3 O-O 8.O-O Bg4 9.h3 Bxf3
10.Rxf3 e6 11.g4 fxe5 12.fxe5 Nd7 13.Rxf8+ Qxf8 14.Nb1 Nf7 15.Nd2 c5 16.c3 Bh6
17.Nf3 Bxc1 18.Qxc1 Rc8 19.Qd2 cxd4 20.cxd4 Nb6 21.Rf1 Qe7 22.b3 Nd7 23.Kg2 Nb8
24.h4 Nc6 25.Rc1 Rf8 26.Bb5 Nfd8 27.Bd3 Qf7 28.Qe3 Qf4 29.Qxf4 Rxf4 30.Kg3 Rf8
31.Bb1 Kg7 32.Rd1 h6 33.g5 Nf7 34.Kg4 hxg5 35.hxg5 Rc8 36.Nh4 Ne7 37.Ng2 Nf5
38.Bxf5 gxf5+ 39.Kf4 Rc2 40.Nh4 Nh8 41.Nxf5+ exf5 42.Kxf5 Ng6 43.Ke6  1/2-1/2

[Event "TCh-FIN SM-Liiga 2011-12"]
[Site "Helsinki FIN"]
[Date "2012.03.10"]
[Round "10.3"]
[White "Rantanen,Y"]
[Black "Seeman,T"]
[Result "0-1"]
[WhiteElo "2400"]
[BlackElo "2405"]

1.e4 g6 2.d4 Bg7 3.Nc3 c6 4.h3 d5 5.Nf3 Nf6 6.Bd3 dxe4 7.Nxe4 Nxe4 8.Bxe4 Nd7
9.O-O c5 10.c3 O-O 11.Re1 cxd4 12.cxd4 Nf6 13.Bc2 b6 14.Bf4 Bb7 15.Be5 Rc8
16.Bd3 e6 17.Qe2 Qe7 18.Ba6 Nd5 19.Bxg7 Kxg7 20.Rac1 Kg8 21.Bxb7 Qxb7 22.Qd2 Rxc1
23.Rxc1 Rc8 24.Ne5 Rxc1+ 25.Qxc1 Kg7 26.a3 h5 27.g3 f6 28.Qc6 Qxc6 29.Nxc6 a5
30.Kf1 Kf7 31.Ke2 Ke8 32.Kd3 Kd7 33.Na7 g5 34.Ke4 Ne7 35.Nb5 Ng6 36.Nc3 Kc7
37.Kd3 h4  0-1

[Event "TCh-SVK Extraliga 2011-12"]
[Site "Slovakia SVK"]
[Date "2012.03.10"]
[Round "10.6"]
[White "Malinovsky,K"]
[Black "Betko,L"]
[Result "1-0"]
[WhiteElo "2357"]
[BlackElo "2208"]

1.e4 c6 2.d4 g6 3.Nc3 Bg7 4.f4 d5 5.e5 h5 6.Be3 Nh6 7.Qd2 Bf5 8.Nf3 Nd7 9.h3 e6
10.Bf2 a6 11.Nd1 Rc8 12.Ne3 c5 13.c3 Bf8 14.Be2 Be7 15.O-O Be4 16.Rac1 O-O
17.c4 dxc4 18.Nxc4 Nf5 19.dxc5 Nxc5 20.g4 hxg4 21.hxg4 Bxf3 22.Bxf3 Nh4 23.Bxh4 Qxd2
24.Nxd2 Bxh4 25.Be2 Be7 26.Rc2 Rcd8 27.Nf3 Ne4 28.Kg2 Bc5 29.Rd1 Rxd1 30.Bxd1 Bb6
31.Rc4 Rd8 32.Be2 Nc5 33.b3 Ba7 34.b4 Nd3 35.Bxd3 Rxd3 36.Rc8+ Kg7 37.Rc7 Be3
38.Ng5 Bxf4 39.Nxe6+ Kg8 40.Nxf4 Rd2+ 41.Kf3  1-0

[Event "TCh-HUN 2011-12"]
[Site "Mako HUN"]
[Date "2012.03.11"]
[Round "7"]
[White "Mihok,O"]
[Black "Marinkovic,I"]
[Result "0-1"]
[WhiteElo "2445"]
[BlackElo "2425"]

1.e4 g6 2.d4 Bg7 3.Nc3 c6 4.f4 d5 5.e5 h5 6.Nf3 Bg4 7.Be3 Nh6 8.h3 Nf5 9.Bf2 Bxf3
10.Qxf3 h4 11.Bd3 e6 12.O-O a5 13.Na4 Nd7 14.Nc5 Qc7 15.b3 Bf8 16.Nxd7 Qxd7
17.c4 Be7 18.c5 b5 19.cxb6 Qb7 20.Rfc1 Qxb6 21.Bf1 Nxd4 22.Qd3 c5 23.Bxd4 cxd4
24.Qb5+ Qxb5 25.Bxb5+ Kf8 26.Rc7 Bb4 27.Rd1 Bc3 28.Kf2 Kg7 29.Bd7 Ra6 30.Kf3 Rb6
31.Kg4 Rh5 32.Rd3 Kf8 33.Rc8+ Kg7 34.Rc7 Rh7 35.Ra7 f5+ 36.exf6+ Kxf6 37.Rc7 Rd6  0-1

[Event "Yerevan Armenia Spring 2012"]
[Site "Yerevan ARM"]
[Date "2012.03.16"]
[Round "9"]
[White "Chigaev,M"]
[Black "Kalashian,D"]
[Result "1-0"]
[WhiteElo "2396"]
[BlackElo "2418"]

1.e4 c6 2.d4 g6 3.Nc3 Bg7 4.f4 d5 5.e5 h5 6.Nf3 Nh6 7.Bd3 Bg4 8.h3 Bxf3 9.Qxf3 Nf5
10.Ne2 e6 11.O-O h4 12.b3 Bf8 13.Kh2 Nd7 14.c4 Be7 15.Bd2 Kf8 16.Rac1 Kg7
17.Rc2 Nf8 18.Rfc1 Ba3 19.Rd1 Be7 20.Be1 a6 21.Bf2 b5 22.Ng1 Nd7 23.cxd5 cxd5
24.Qe2 Ra7 25.Nf3 Qg8 26.Qe1 Qh7 27.Bxf5 gxf5 28.Rdc1 Qh6 29.Be3 Rha8 30.Rc7 Nf8
31.Rxa7 Rxa7 32.Rc8 a5 33.Qe2 b4 34.Qb5 Qg6 35.Qe8 Qg3+ 36.Kg1 Rb7 37.Bd2 a4
38.Ng5 Qd3 39.Qxf7+ Kh6 40.Rxf8 Bxf8 41.Qxb7 Bg7 42.Qxb4 axb3 43.axb3  1-0

[Event "TCh-BEL 2011-12"]
[Site "Belgium BEL"]
[Date "2012.03.18"]
[Round "10.3"]
[White "Kaufeld,J"]
[Black "Cekro,E"]
[Result "1/2-1/2"]
[WhiteElo "2261"]
[BlackElo "2394"]

1.e4 g6 2.d4 c6 3.Nc3 Bg7 4.f4 d5 5.e5 h5 6.Nf3 Nh6 7.Be3 Bg4 8.h3 Nf5 9.Bf2 Bxf3
10.Qxf3 Qb6 11.Bd3 e6 12.g4 Nxd4 13.Qg2 hxg4 14.O-O-O Nd7 15.Bxg6 fxg6 16.Qxg4 Nf8
17.Bxd4 Qa5 18.h4 Rh5 19.Kb1 O-O-O 20.Bf2 Kb8 21.Ne2 c5 22.Ng3 Rh6 23.Qf3 Nd7
24.Qg4 Nf8 25.Qf3  1/2-1/2

[Event "TCh-CZE Liga1 Vychod"]
[Site "Czech Rep CZE"]
[Date "2012.03.18"]
[Round "10.4"]
[White "Piza,V"]
[Black "Karlik,V"]
[Result "1/2-1/2"]
[WhiteElo "2252"]
[BlackElo "2286"]

1.e4 g6 2.d4 Bg7 3.Nc3 c6 4.Be3 d5 5.Be2 dxe4 6.Nxe4 Nh6 7.c3 Nf5 8.Bf4 O-O
9.Nf3 Nd7 10.O-O Nf6 11.Nxf6+ Bxf6 12.Re1 Nd6 13.Ne5 Be6 14.Bd3 Bf5 15.Bf1 Qc8
16.h3 Bg7 17.Qd2 Ne4 18.Qe3 Nf6  1/2-1/2

[Event "TCh-HUN 2011-12"]
[Site "Kecskemet HUN"]
[Date "2012.03.25"]
[Round "8"]
[White "Tesik,C"]
[Black "Toth,E"]
[Result "1-0"]
[WhiteElo "2340"]
[BlackElo "2472"]

1.e4 g6 2.d4 Bg7 3.Nc3 c6 4.Nf3 d5 5.h3 dxe4 6.Nxe4 Nf6 7.Bd3 O-O 8.O-O Nbd7
9.c3 Qc7 10.Re1 Rd8 11.Qb3 Nxe4 12.Rxe4 Nf6 13.Bf4 Qb6 14.Ree1 Qxb3 15.axb3 Nd5
16.Be5 Bh6 17.b4 Be6 18.Bg3 Nf4 19.Bxf4 Bxf4 20.Ne5 Kf8 21.Re4 Bh6 22.Bc4 Bxc4
23.Nxc4 e6 24.g3 Bg5 25.Re5 Be7 26.Rea5 a6 27.Re1 Rab8 28.Kg2 Rd5 29.Raa1 Bd8
30.h4 Bc7 31.Re4 Rbd8 32.Ne3 R5d7 33.Nc4 Ke7 34.Rae1 Kf6 35.Rh1 h5 36.Rhe1 Rg8
37.Rh1 Ke7 38.Rhe1 Kd8 39.Ra1 Kc8 40.Kf3 Kb8 41.Kg2 Rdd8 42.Rae1 Rd5 43.Ne3 Rb5
44.Nc4 Re8 45.Ra1 Re7 46.Na3 Rd5 47.Nc4 Rd8 48.Rae1 Rd5 49.Ra1 Rd8 50.Rae1 b6
51.Kf3 Rd5 52.Kg2 Kb7 53.Ne3 Rd8 54.Nc4 Rde8 55.Kf3 Ra8 56.Ra1 Rd7 57.Kg2 Ra7
58.Re3 Ra8 59.Re4 Re8 60.Rae1 b5 61.Ne5 Bxe5 62.Rxe5 Kb6 63.Kf3 Ra7 64.Kf4 a5
65.bxa5+ Rxa5 66.Kg5 Re7 67.f3 Ra2 68.R1e2 Ra1 69.g4 hxg4 70.fxg4 Kc7 71.Rf2 Rg1
72.h5 gxh5 73.Kf6 Kd6 74.gxh5 Ra7 75.Ree2 b4 76.Rg2 Rh1 77.Rh2 Rg1 78.Reg2 Rf1+
79.Kg7 f5+ 80.Kf6 f4 81.h6 Ra8 82.h7  1-0

[Event "European Senior Teams 2012"]
[Site "Rogaska Slatina SLO"]
[Date "2012.03.27"]
[Round "1.15"]
[White "Kendall,P"]
[Black "Jamieson,P"]
[Result "0-1"]
[WhiteElo "2042"]
[BlackElo "2251"]

1.e4 g6 2.d4 c6 3.Nc3 Bg7 4.Be3 d6 5.h3 Nd7 6.Nf3 Qc7 7.Qd2 b5 8.Rd1 Bb7
9.Bd3 Ngf6 10.O-O O-O 11.Bh6 b4 12.Ne2 c5 13.dxc5 Nxc5 14.Bxg7 Kxg7 15.Qxb4 Ncxe4
16.Ned4 Nc5 17.Be2 Rab8 18.Qc3 Rfc8 19.Qe3 Bxf3 20.Bxf3 Rxb2 21.g4 h6 22.g5 hxg5
23.Qxg5 Nh7 24.Nf5+ Kh8 25.Qe3 Ne6 26.Bd5 gxf5 27.Bxe6 Rg8+ 28.Kh1 Rb5 29.Qd4+ Re5
30.Bxf7 Rg7 31.Bd5 Nf6 32.c4 Nxd5 33.cxd5 Re4 34.Qb2 Rh4 35.Rd3 Qc4 36.Rg1 Qxd5+
37.Kh2 Qe5+ 38.Qxe5 dxe5 39.Rd8+ Kh7 40.Rxg7+ Kxg7 41.Rd7 Ra4 42.Rxe7+ Kf6
43.Re8 f4 44.h4 Rxa2 45.Kg2 Kf5 46.h5 Ra6 47.Re7 e4 48.h6 f3+  0-1

[Event "European Senior Teams 2012"]
[Site "Rogaska Slatina SLO"]
[Date "2012.03.28"]
[Round "2.3"]
[White "Turikov,V"]
[Black "Hjertenes,O"]
[Result "1-0"]
[WhiteElo "2263"]
[BlackElo "2115"]

1.e4 g6 2.d4 Bg7 3.Nc3 c6 4.Be3 d5 5.Qd2 dxe4 6.Nxe4 Nf6 7.Nxf6+ exf6 8.O-O-O O-O
9.h4 h5 10.Kb1 a6 11.Be2 f5 12.Nh3 Nd7 13.Nf4 Nf6 14.f3 b5 15.Nd3 Re8 16.Rhe1 Nd5
17.Bg5 Qb6 18.c3 b4 19.Nxb4 Nxb4 20.cxb4 Be6 21.Qc3 a5 22.bxa5 Rxa5 23.Bc4 Rea8
24.Bxe6 fxe6 25.Rxe6 Rxa2 26.Bc1 Ra1+ 27.Kc2 Qa6 28.Rde1 Qa4+ 29.Qb3 Kh7
30.Qxa4 R8xa4 31.Rxc6 Rxd4 32.Re7 Raa4 33.Bd2 Rac4+ 34.Rxc4 Rxc4+ 35.Bc3 Rxc3+
36.bxc3 Kg8 37.Rd7 Be5 38.c4 Kf8 39.c5 Ke8 40.c6 Bg3 41.Kd3 Bxh4 42.Kc4 g5
43.Kd5 g4 44.Ke6  1-0

[Event "ch-SRB Women 2012"]
[Site "Kac SRB"]
[Date "2012.03.30"]
[Round "9"]
[White "Benderac,A"]
[Black "Rakic,Ma"]
[Result "1-0"]
[WhiteElo "2297"]
[BlackElo "2270"]

1.e4 g6 2.d4 Bg7 3.Nc3 c6 4.Be3 Qb6 5.Na4 Qa5+ 6.c3 b5 7.Nc5 d6 8.Nb3 Qc7
9.a4 bxa4 10.Rxa4 Nf6 11.Bd3 O-O 12.f3 Nbd7 13.Ne2 Nb6 14.Ra3 Be6 15.Na5 Rfd8
16.b4 Nfd7 17.O-O Nf8 18.Qc2 Bc8 19.c4 e5 20.d5 cxd5 21.cxd5 Qxc2 22.Bxc2 Ba6
23.Bd3 Bxd3 24.Rxd3 Rdb8 25.Ra1 Nfd7 26.Rda3 f5 27.Nc6 Rf8 28.Rxa7 Rxa7 29.Rxa7 fxe4
30.fxe4 Nc4 31.Rxd7 Nxe3 32.Rd8 Nc4 33.Rxf8+ Kxf8 34.Na5 Na3 35.Kf2 Bh6 36.Nb3 Nc4
37.Nc3 Be3+ 38.Ke2 Bg1 39.h3 Ke7 40.Na5 Na3 41.Kd3 Kd7 42.Nc4 Nxc4 43.Kxc4 Kc7
44.Kb5 Kb7 45.Nb1 Bb6 46.Na3 Bd8 47.Nc4 Bc7 48.Na5+ Bxa5 49.bxa5 g5 50.a6+  1-0

[Event "TCh-NED Meesterklasse 2011-12"]
[Site "Netherlands NED"]
[Date "2012.03.31"]
[Round "8.4"]
[White "Van Kampen,R"]
[Black "Orlov,And"]
[Result "1-0"]
[WhiteElo "2529"]
[BlackElo "2525"]

1.e4 g6 2.d4 Bg7 3.Nc3 c6 4.Nf3 d5 5.h3 dxe4 6.Nxe4 Nd7 7.Bc4 Ngf6 8.Nxf6+ Nxf6
9.O-O O-O 10.Re1 Nd5 11.Bg5 Re8 12.Qd2 Qd6 13.Bb3 b5 14.a4 Be6 15.axb5 cxb5
16.Bh6 Nc7 17.Bxg7 Kxg7 18.Bxe6 Nxe6 19.Re5 a6 20.Rae1 Nf8 21.Qe3 e6 22.c3 Nd7
23.Re4 Nf6 24.Rh4 h5 25.Ne5 Nd7 26.Nd3 Qe7 27.Qg3 Kh6 28.Rf4 Kg7 29.Rf3 h4
30.Qg4 Rh8 31.Nf4 Rae8 32.Rxe6 Qxe6 33.Nxe6+ Rxe6 34.d5 Re1+ 35.Kh2 Ne5 36.Qd4 Rd8
37.Re3 Rxe3 38.fxe3 f6 39.e4 g5 40.Qa7+ Kg6 41.Qxa6 g4 42.Kg1 g3 43.Kf1 Kg5
44.Ke2 Re8 45.Qxb5 Ra8 46.Qb7 Ra1 47.Qg7+ Kf4 48.Qh7  1-0

[Event "ch-Urals Men 2012"]
[Site "Satka RUS"]
[Date "2012.03.31"]
[Round "8"]
[White "Fatkhutdinov,G"]
[Black "Solovjev,N2"]
[Result "1-0"]
[WhiteElo "2334"]
[BlackElo "2310"]

1.e4 g6 2.d4 Bg7 3.Nc3 c6 4.Nf3 d6 5.Be3 b5 6.Bd3 Nd7 7.O-O a6 8.a4 Bb7 9.Qd2 e5
10.d5 cxd5 11.exd5 f5 12.Bg5 Ngf6 13.axb5 a5 14.Rfe1 O-O 15.Bc4 Qc7 16.Ba2 a4
17.Bh6 Bxh6 18.Qxh6 a3 19.Ng5 Qb6 20.bxa3 Rxa3 21.Bb3 Rfa8 22.Rxa3 Rxa3 23.h3 Qa5
24.Re3 f4 25.Ne6 Ne8 26.Nxf4 Ng7 27.Ne6 Nf5 28.Qg5 Nxe3 29.fxe3 Ra1+ 30.Kf2 Nf8
31.Qf6 Nxe6 32.dxe6 Qa8 33.Qf7+ Kh8 34.e7  1-0

[Event "TCh-CZE Liga 1 Zapad"]
[Site "Czech Rep CZE"]
[Date "2012.04.01"]
[Round "11.3"]
[White "Korinek,O"]
[Black "Petran,Pe"]
[Result "0-1"]
[WhiteElo "2335"]
[BlackElo "2297"]

1.e4 g6 2.d4 Bg7 3.Nc3 c6 4.h3 d5 5.Nf3 b5 6.a3 dxe4 7.Nxe4 Nf6 8.Nxf6+ exf6
9.Be2 Be6 10.O-O Nd7 11.a4 a6 12.Bf4 O-O 13.a5 Re8 14.Re1 Bf8 15.Qd2 Bd5
16.b3 b4 17.Nh2 Re6 18.Nf1 f5 19.Ne3 Nf6 20.f3 Nh5 21.Nxd5 cxd5 22.Bh2 Qh4
23.Bf1 Bg7 24.Red1 Qe7 25.Ra4 Bf8 26.Raa1 Re8 27.g4 fxg4 28.hxg4 Ng7 29.Bg3 h5
30.Re1 hxg4 31.fxg4 Qd7 32.Rxe6 Rxe6 33.Bg2 Rc6 34.Qe2 Rc3 35.Be1 Rc6 36.Bg3 Ne6
37.Rd1 Ng5 38.Bf4 Re6 39.Qf1 Ne4 40.Be5 Nc3 41.Re1 Qe8 42.Re3 Bg7 43.Qe1 Qe7
44.Kf1 Qg5 45.Qg3 Bxe5 46.dxe5 Ne4 47.Qe1 Qf4+ 48.Kg1 Rxe5 49.Rh3 Ng5  0-1

[Event "ch-SRB Women 2012"]
[Site "Kac SRB"]
[Date "2012.04.01"]
[Round "11"]
[White "Eric,J"]
[Black "Drljevic,L"]
[Result "1-0"]
[WhiteElo "2243"]
[BlackElo "2278"]

1.e4 g6 2.d4 c6 3.Nc3 Bg7 4.Be3 d6 5.Qd2 b5 6.Bd3 Nd7 7.Nf3 a6 8.O-O Bb7
9.a4 Ngf6 10.Bh6 O-O 11.Bxg7 Kxg7 12.e5 dxe5 13.dxe5 Ne8 14.e6 fxe6 15.Ng5 Nc7
16.Qe3 Rf6 17.Nce4 Rf5 18.g4 Rf8 19.Qg3 e5 20.Rad1 Rf4 21.Nh3 Qf8 22.Nxf4 exf4
23.Qh3 Ne5 24.Ng5 h6 25.Nf3 Nf7 26.Nh4 Ng5 27.Qg2 Nd5 28.Nxg6 Qf6 29.h4 Nf7
30.Qe4 c5 31.axb5 axb5 32.Rfe1 c4 33.Nxe7 cxd3 34.Nxd5 Qxh4 35.Qd4+ Kf8 36.Qb4+ Kg7
37.Qxf4 dxc2 38.Rd3 Rd8 39.Qf5 Kf8 40.Rc1 Re8 41.Rf3 Bxd5 42.Qxd5 Qxg4+ 43.Kf1 Re7
44.Rxc2 Qh4 45.Rc8+ Kg7 46.Rg3+ Ng5 47.Qg8+ Kf6 48.Rc6+ Ke5 49.Qb8+ Kf5 50.Qf8+ Nf7
51.Rc5+ Kf4 52.Qb8+ Ne5 53.Kg2 Qh5 54.Rxb5 Qd1 55.Qf8+ Rf7 56.Qxh6+  1-0

[Event "European Senior Teams 2012"]
[Site "Rogaska Slatina SLO"]
[Date "2012.04.01"]
[Round "6.6"]
[White "Morant,P"]
[Black "Hjertenes,O"]
[Result "1/2-1/2"]
[WhiteElo "2167"]
[BlackElo "2115"]

1.e4 g6 2.d4 Bg7 3.Nc3 c6 4.Bc4 d5 5.exd5 b5 6.Bb3 b4 7.Nce2 cxd5 8.a3 bxa3
9.Rxa3 Nf6 10.Nf3 O-O 11.O-O e6 12.Bg5 Qb6 13.Qc1 Ba6 14.Re1 Bxe2 15.Rxe2 Nc6
16.c3 Rfc8 17.Bc2 Rab8 18.b4 a5 19.bxa5 Nxa5 20.Ne5 Rb7 21.h3 Nc4 22.Nxc4 Rxc4
23.Bd3 Rc6 24.Ra8+ Rb8 25.Rb2 Rxa8 26.Rxb6 Rxb6 27.Qf4 Ne8 28.Qg3  1/2-1/2

[Event "28th Budapest Spring Festival"]
[Site "Budapest HUN"]
[Date "2012.04.03"]
[Round "9.3"]
[White "Padhya,S"]
[Black "Boguszlavszkij,J"]
[Result "1-0"]
[WhiteElo "2187"]
[BlackElo "2238"]

1.e4 g6 2.d4 Bg7 3.Nc3 c6 4.Nf3 d5 5.h3 dxe4 6.Nxe4 Nd7 7.Bd3 Ngf6 8.Qe2 O-O
9.O-O Nxe4 10.Qxe4 Re8 11.Re1 Nf8 12.Qh4 Be6 13.Bg5 f6 14.Rxe6 fxg5 15.Nxg5 Qxd4
16.Re4 Qxb2 17.Bc4+ e6 18.Rxe6 Rxe6 19.Bxe6+ Kh8 20.Rd1 h6 21.Nf7+ Kh7 22.Ng5+ Kh8
23.Bb3 Qf6 24.Qc4 Nh7 25.Nf7+ Kg8 26.Nd8+ Kf8  1-0

[Event "European Senior Teams 2012"]
[Site "Rogaska Slatina SLO"]
[Date "2012.04.03"]
[Round "8.6"]
[White "Yeo,M"]
[Black "Hjertenes,O"]
[Result "1-0"]
[WhiteElo "2135"]
[BlackElo "2115"]

1.e4 g6 2.d4 Bg7 3.Nc3 c6 4.f4 d5 5.e5 e6 6.Nf3 Ne7 7.Bd3 b6 8.Be3 Ba6 9.Bxa6 Nxa6
10.Qe2 Nb8 11.O-O Nd7 12.Rad1 Qc8 13.Nh4 h5 14.Qf2 Qb7 15.Ne2 O-O-O 16.b3 Kb8
17.a4 Nf5 18.Nxf5 gxf5 19.Qf3 Bf8 20.c4 Be7 21.Nc3 a6 22.Rb1 h4 23.Rf2 Rc8
24.Rc2 Bb4 25.Na2 Be7 26.Bf2 Ka8 27.c5 b5 28.axb5 axb5 29.Nb4 Kb8 30.Ra1 Kc7
31.Ra6 Kd8 32.Rca2 Ke8 33.Ra7 Qb8 34.Nxc6 Rxc6 35.Ra8 Rc8 36.Rxb8 Rxb8 37.Qd3 Bd8
38.Ra7  1-0

[Event "European Senior Teams 2012"]
[Site "Rogaska Slatina SLO"]
[Date "2012.04.03"]
[Round "8.17"]
[White "Nilsson,Weine"]
[Black "Neumann,Ho"]
[Result "1-0"]
[WhiteElo "1965"]
[BlackElo "1937"]

1.e4 c6 2.d4 g6 3.Nc3 Bg7 4.f4 d6 5.Nf3 Bg4 6.Be2 Qb6 7.e5 Nh6 8.h3 Bxf3
9.Bxf3 Nf5 10.Ne2 Nh4 11.Rf1 Nxf3+ 12.Rxf3 dxe5 13.dxe5 O-O 14.Qd4 Rd8 15.Qxb6 axb6
16.Be3 c5 17.Nc3 Nc6 18.a3 f6 19.exf6 Bxf6 20.Rb1 Nd4 21.Bxd4 Rxd4 22.Rd1 Rad8
23.Ke2 R8d6 24.Rxd4 Bxd4 25.Nd1 c4 26.c3 Bc5 27.a4 Kf7 28.Ne3 Re6 29.Kd2 Re4
30.f5 Bxe3+ 31.Rxe3 Rf4 32.fxg6+ hxg6 33.Ke2 Kf6 34.Rf3 e5 35.Ke3 g5 36.g3 Rxf3+
37.Kxf3 Kf5 38.Ke3 Ke6 39.Ke4 Kf6 40.h4 gxh4 41.gxh4  1-0

[Event "Portisch at 75 Rapid"]
[Site "Budapest HUN"]
[Date "2012.04.04"]
[Round "4"]
[White "Hort,V"]
[Black "Csom,I"]
[Result "1-0"]
[WhiteElo "2476"]
[BlackElo "2426"]

1.e4 c6 2.d4 g6 3.Nc3 Bg7 4.h3 d6 5.Nf3 Nf6 6.Bf4 Qb6 7.a3 d5 8.e5 Nfd7 9.Bd3 Nf8
10.O-O Ne6 11.Be3 f5 12.exf6 exf6 13.Qd2 Nd7 14.Rfe1 Kf7 15.Ne2 Re8 16.c4 Ndf8
17.c5 Qc7 18.b4 Bd7 19.a4 a6 20.Rab1 Re7 21.b5 Qa5 22.Qb2 Qxa4 23.Qc2 Qa2
24.Rb2 Qa4 25.Qd2 Qa5 26.Nc3 Qc7 27.Reb1 Bc8 28.Ne2 Nd7 29.Rb3 Ndf8 30.Nf4  1-0

[Event "39th La Roda Open"]
[Site "La Roda ESP"]
[Date "2012.04.05"]
[Round "2"]
[White "Koziak,V"]
[Black "Villalba Izquierdo,P"]
[Result "1-0"]
[WhiteElo "2511"]
[BlackElo "2162"]

1.e4 g6 2.d4 Bg7 3.Nc3 c6 4.Nf3 d5 5.h3 dxe4 6.Nxe4 Nd7 7.Bc4 Ngf6 8.Neg5 O-O
9.Qe2 Nb6 10.Bb3 Nbd5 11.O-O a5 12.Ne5 a4 13.Bc4 Qd6 14.c3 h6 15.Ngf3 b5
16.Bd3 a3 17.Re1 Bf5 18.Bxf5 gxf5 19.c4 axb2 20.Bxb2 bxc4 21.Qxc4 Rfc8 22.Rec1 Rab8
23.Rab1 Ne4 24.Ba1 e6 25.a4 Rb4 26.Rxb4 Qxb4 27.Nxc6 Qxc4 28.Rxc4 Ra8 29.a5 Ra6
30.Bb2 Nd6 31.Rc5 Bf8 32.Nfe5 f6 33.Nb8 Ra8 34.Ned7 Kg7 35.Nxf8 Kxf8 36.Ba3 Kf7
37.Rxd5 exd5 38.Bxd6 Rxa5 39.Bc5 Ra2 40.g3 Rb2 41.Nc6 Rb3 42.Nd8+  1-0

[Event "Cebanenco Mem IM 2012"]
[Site "Kishinev MDA"]
[Date "2012.04.06"]
[Round "6"]
[White "Chircu,V"]
[Black "Romcovici,V"]
[Result "1-0"]
[WhiteElo "2190"]
[BlackElo "2147"]

1.e4 g6 2.d4 Bg7 3.Nc3 c6 4.h3 d5 5.Nf3 Nh6 6.Bd3 O-O 7.O-O f6 8.Bf4 Nf7
9.Bg3 dxe4 10.Nxe4 f5 11.Ned2 Bxd4 12.Nxd4 Qxd4 13.Re1 e5 14.Nf3 Qxb2 15.Nxe5 b5
16.Qd2 Nd7 17.Nxc6 a6 18.Rab1 Qf6 19.Ne7+ Kg7 20.Nd5 Qc6 21.Nc7 Bb7 22.f3 Nf6
23.Nxa8 Bxa8 24.Kh1 Nh5 25.Bf2 h6 26.Re7 Qd6 27.Rbe1 Nf4 28.Bg3 g5 29.Qc3+ Kg6
30.Qb3 Bd5 31.Bxf4 Qxe7 32.Rxe7 Bxb3 33.axb3 gxf4 34.Re6+ Kg5 35.Rxa6 Rb8
36.Kh2 b4 37.h4+ Kxh4 38.Rf6 Ne5 39.Rxf5 Nxd3 40.cxd3 Rd8 41.Rxf4+ Kg5 42.Rxb4 Rxd3
43.Kg3 h5 44.Rb5+ Kg6 45.b4 Rd2 46.f4 Rb2 47.Rg5+ Kh6 48.b5 Rb1 49.Rc5 Kg6
50.Re5 Kh6 51.Re6+ Kg7 52.b6 Rb2 53.f5 Rb4 54.Kf3 h4 55.Rc6 Kf7 56.Rg6 Kf8
57.Rg4 Rb3+ 58.Kf4 h3 59.gxh3 Rxh3 60.Rg6 Rb3 61.Rc6 Kf7 62.Ke5 Rb5+ 63.Kd6  1-0

[Event "Karposh Open 2012"]
[Site "Skopje MKD"]
[Date "2012.04.07"]
[Round "1.56"]
[White "Nikolovska,D"]
[Black "Simjanovski,S"]
[Result "0-1"]
[WhiteElo "1773"]
[BlackElo "2288"]

1.e4 g6 2.d4 Bg7 3.Nc3 c6 4.Nf3 d6 5.Bc4 Nf6 6.Bg5 b5 7.Bd3 O-O 8.Qd2 Bg4
9.O-O-O d5 10.e5 b4 11.exf6 bxc3 12.Qxc3 exf6 13.Bf4 Qb6 14.Rde1 Nd7 15.h3 Bxf3
16.gxf3 Rfe8 17.h4 f5 18.Be5 Nxe5 19.dxe5 c5 20.f4 Rab8 21.h5 c4 22.Be2 d4
23.Qxc4 Qxb2+ 24.Kd1 Rec8 25.Qd3 Rc3 26.Qd2 Qb1+  0-1

[Event "Pobeskydi IM 2012"]
[Site "Frydek Mistek CZE"]
[Date "2012.04.09"]
[Round "9"]
[White "Worek,J"]
[Black "Petran,Pe"]
[Result "1-0"]
[WhiteElo "2255"]
[BlackElo "2299"]

1.d4 g6 2.e4 Bg7 3.Nc3 c6 4.f4 d5 5.e5 Nh6 6.Nf3 Bg4 7.h3 Bxf3 8.Qxf3 f6
9.g4 fxe5 10.dxe5 e6 11.h4 Nf7 12.Bd2 Nd7 13.O-O-O Qe7 14.Kb1 O-O-O 15.Na4 Kb8
16.Qb3 Ka8 17.Rh3 Bf8 18.a3 b5 19.Nc3 Nc5 20.Qb4 Qb7 21.Qd4 Nd7 22.Qf2 Bc5
23.Qh2 h5 24.gxh5 gxh5 25.Be2 Rdf8 26.Bc1 Nb6 27.Rg3 Nh6 28.Rg6 Qf7 29.Rf6 Qe8
30.b4 Rxf6 31.bxc5 Rff8 32.cxb6 axb6 33.Qg1 Kb7 34.Qg7+ Nf7 35.Qg6 Rfg8 36.Qd3 Nh6
37.a4 Qd7 38.axb5 c5 39.Ne4 Ra8 40.Nf6 Qe7 41.Bf3 Kb8 42.Bb2 Ra4 43.Nxd5 exd5
44.Qxd5 Nf5 45.e6 Nd4 46.Qe5+ Ka7 47.Qxh8  1-0

[Event "Sydney International Open"]
[Site "Parramatta AUS"]
[Date "2012.04.15"]
[Round "9.19"]
[White "Scharrer,P"]
[Black "Stead,K"]
[Result "1/2-1/2"]
[WhiteElo "2283"]
[BlackElo "2000"]

1.e4 g6 2.d4 Bg7 3.Nc3 c6 4.Nf3 d5 5.h3 h5 6.Bg5 Be6 7.Be3 dxe4 8.Nxe4 Bd5
9.Bd3 Nd7 10.Neg5 Bxf3 11.Nxf3 Ngf6 12.Qd2 a6 13.O-O O-O 14.Rfe1 Re8 15.Ne5 e6
16.Bh6 c5 17.Bxg7 Kxg7 18.Nxd7 Nxd7 19.dxc5 Qf6 20.b4 Red8 21.Qe3 a5 22.Be4 axb4
23.Bxb7 Ra3 24.Qe4 Nxc5 25.Qxb4 Qc3 26.Qxc3+ Rxc3 27.Bf3 Rxc2 28.Rec1 Rdd2
29.Rxc2 Rxc2 30.a4 Nb3 31.Rb1 Nd2 32.Bd1 Ra2 33.Rc1 Ne4 34.f3 Ng3 35.Rb1 h4
36.Bb3 Ra3 37.Rb2 Kf6 38.Kf2 Nf5 39.Bd1 Ke5 40.Rd2 g5 41.Rb2 Nd4 42.Rb7 f5
43.Rd7 Ra1 44.Ke1 Ra2 45.Kf1 Ra1 46.Ke1 Ra2 47.Kf1 Ra1  1/2-1/2

[Event "14th Dubai Open 2012"]
[Site "Dubai UAE"]
[Date "2012.04.18"]
[Round "4.12"]
[White "Kuzubov,Y"]
[Black "Ezat,M"]
[Result "1-0"]
[WhiteElo "2615"]
[BlackElo "2441"]

1.e4 g6 2.d4 Bg7 3.Nc3 c6 4.f4 d5 5.e5 h5 6.Be2 Nh6 7.Nf3 Bg4 8.Be3 Nf5 9.Bf2 e6
10.O-O Bh6 11.Qd2 Nd7 12.h3 Bxf3 13.Bxf3 Nf8 14.Be2 g5 15.Bd3 g4 16.Bxf5 exf5
17.Qd3 Ne6 18.Ne2 gxh3 19.Qxh3 Bxf4 20.Nxf4 Nxf4 21.Qxf5 Ne2+ 22.Kh2 Nxd4
23.Bxd4 Qh4+ 24.Kg1 Qxd4+ 25.Rf2 Rf8 26.e6 Ke7 27.Re1 f6 28.c3 Qh4 29.Qh7+ Kd6
30.Qd7+ Kc5 31.Qxb7 Rfd8 32.b4+ Kd6 33.c4  1-0

[Event "TCh-CZE Extraliga 2011-12"]
[Site "Czech Republic CZE"]
[Date "2012.04.20"]
[Round "9.5"]
[White "Sodoma,J"]
[Black "Hracek,Z"]
[Result "0-1"]
[WhiteElo "2380"]
[BlackElo "2624"]

1.d4 g6 2.e4 Bg7 3.Nc3 c6 4.Nf3 d6 5.a4 Nf6 6.Be2 O-O 7.O-O Nbd7 8.Re1 e5
9.dxe5 dxe5 10.b3 Qa5 11.Bd2 Qc7 12.Bc4 Nc5 13.Qe2 Ne6 14.Bxe6 Bxe6 15.Nd1 Rad8
16.Bc3 Nh5 17.g3 f6 18.Ne3 Rf7 19.Rad1 Bf8 20.Rxd8 Qxd8 21.Rd1 Rd7 22.Rxd7 Qxd7
23.Qd2 Ng7 24.Qxd7 Bxd7 25.Kf1 Kf7 26.Ke2 Ne6 27.Nc4 b5 28.axb5 cxb5 29.Ne3 b4
30.Bb2 Bb5+ 31.Ke1 Nc5 32.Nd2 a5 33.f4 exf4 34.gxf4 Bc6 35.Nec4 a4 36.bxa4 Bxa4
37.Ne3 Bxc2 38.Nxc2 Nd3+ 39.Ke2 Nxb2 40.Nb3 Bd6 41.h3 h5 42.Kf3 Nc4 43.Ncd4 g5
44.f5 Be5 45.Ne6 Bc3 46.Ke2 Ne5 47.Ke3 h4 48.Nc7 g4 49.Nd5 gxh3 50.Kf2 Ng4+  0-1

[Event "TCh-CZE Extraliga 2011-12"]
[Site "Czech Republic CZE"]
[Date "2012.04.20"]
[Round "9.8"]
[White "Vlasak,Lu"]
[Black "Ruzicka,P"]
[Result "1/2-1/2"]
[WhiteElo "2319"]
[BlackElo "2264"]

1.e4 g6 2.d4 Bg7 3.Nc3 c6 4.Nf3 d6 5.Be2 Nf6 6.O-O O-O 7.a4 Qc7 8.h3 Nbd7
9.Be3 e5 10.d5 a6 11.a5 h6 12.Nd2 Kh7 13.Nc4 c5 14.Rb1 Rb8 15.b4 cxb4 16.Rxb4 Ne8
17.Na4 f5 18.f3 Nef6 19.Ncb6 Nh5 20.Qe1 Nf4 21.exf5 Qxc2 22.fxg6+ Qxg6 23.Bxf4 exf4
24.Qb1 Nxb6  1/2-1/2

[Event "14th Dubai Open 2012"]
[Site "Dubai UAE"]
[Date "2012.04.22"]
[Round "8.15"]
[White "Khukhashvili,S"]
[Black "Iordachescu,V"]
[Result "0-1"]
[WhiteElo "2408"]
[BlackElo "2644"]

1.e4 g6 2.d4 Bg7 3.Nc3 c6 4.Nf3 d6 5.h3 Nf6 6.Bg5 Qb6 7.Rb1 O-O 8.Bd3 Qc7
9.Qd2 e5 10.O-O Re8 11.Rfe1 Nbd7 12.Rbd1 Nh5 13.Bf1 b5 14.dxe5 dxe5 15.Bxb5 h6
16.Bxh6 cxb5 17.Nxb5 Qc6 18.Nd6 Re7 19.Bxg7 Nxg7 20.Qh6 Bb7 21.Rd3 Ba6 22.c4 Nf8
23.Red1 Qc7 24.b3 Rb8 25.Rd5 Ne8 26.h4 f6 27.Nb5 Bxb5 28.cxb5 Rh7 29.Qd2 Qb7
30.a4 Ne6 31.Qb4 Rc8 32.g3 Qe7 33.Qd2 Qf8 34.a5 N8c7 35.Rd6 Nd4 36.Rxd4 exd4
37.Qxd4 Rf7 38.b6 axb6 39.Qxb6 Rb8 40.Qe3 Ne6 41.h5 gxh5 42.Rd5 Ng7 43.Nd4 Re8
44.Nb5 Re6 45.Qd3 Qb4 46.Nd6 Rd7 47.a6 Rdxd6 48.a7 Ra6 49.Rd8+ Kh7 50.a8=Q Rxa8
51.Rxa8 Qxe4 52.Qxe4+ Rxe4 53.Rb8 Nf5 54.Kg2 Nd6 55.Rb6 Rd4 56.Rb8 Kg6 57.b4 Rd5
58.Rd8 Kf7 59.f3 Ke6 60.Rb8 Nb5 61.g4 hxg4 62.fxg4 Nc3 63.Re8+ Kf7 64.Rb8 Kg7
65.Kf3 Re5 66.Rc8 Ne4 67.Rb8 Ng5+ 68.Kf2 Re4 69.Kg3 Re3+ 70.Kg2 Rb3 71.Kf2 Nf7
72.Ke2 Ne5 73.Kd2 Nxg4 74.Kc2 Rh3 75.b5 Ne5 76.b6 Nc6 77.Rb7+ Kg6 78.Rd7 Rh7
79.Rd6 Ne5 80.Kc3 Rb7 81.Kb4 Nd7  0-1

[Event "Frauenbundesliga 2011-12"]
[Site "Germany GER"]
[Date "2012.04.22"]
[Round "10.5"]
[White "Jahn,C"]
[Black "Tammert,I"]
[Result "1/2-1/2"]
[WhiteElo "2139"]
[BlackElo "2290"]

1.e4 g6 2.d4 Bg7 3.Nc3 c6 4.Nf3 d6 5.Be2 b5 6.a3 a6 7.O-O Nd7 8.Be3 Qc7 9.Ne1 Ngf6
10.f4 Nb6 11.Nd3 O-O 12.Bf3 Rb8 13.Kh1 Rd8 14.Qe1 Nfd7 15.e5 Nf8 16.Ne4 f6
17.exd6 exd6 18.Nb4 Re8 19.Nd2 Bb7 20.Qf2 a5 21.Nd3 Ba6 22.f5 Nc4 23.Bf4 gxf5
24.b3 Nxd2 25.Bxd2 Bc8 26.Bh5 Re4 27.Bf3 Re8 28.Bh5 Re4 29.Bf3 Re7 30.Rae1  1/2-1/2